000 00633nam a2200241Ia 4500
003 OSt
005 20220918164423.0
006 a|||||r|||| 00| 0
007 ta
008 220917b |||||||| |||| 00| 0 eng d
020 _a0571141633 (pbk)
024 _a46,230
037 _cTextual
040 _aARTS
_cARTS
_beng
041 _2eng
_aeng
082 _aO111,6x, N6
245 0 _aFaber book of reportage edited by John Carey
260 _aLondon
_bFaber And Faber UK
_c1996
300 _axxxviii,705p.
_ccm.
650 _aENGLISH LITERATURE
942 _hO111,6x, N6
_cTEXL
_2CC
999 _c124684
_d124684